000
00249nam a2200109Ia 4500
008
190216s9999||||xx |||||||||||||| ||und||
100
_a
Gopinatha Pillai
245
0
_a
Hindi-Geethanjali
260
_b
Gopinatha Pillai
650
_a
Hindi
942
_c
BK
999
_c
15296
_d
15296